000
00359nam a2200157Ia 4500
008
100122s9999 xx 000 0 und d
082
_b
65451
_a
BM823.08
100
_a
WATSON CAROL
245
_a
MAGICAL ANIMALS
250
_a
1
260
_b
USBORNE PUB
_c
2003
300
_a
48
630
_a
MAGICAL ANIMALS
730
_a
MAGICAL ANIMALS
942
_c
BOOK
999
_c
380003
_d
380000